| 000 | 00508nam a2200121Ia 4500 | ||
|---|---|---|---|
| 008 | 171212s9999 xx 000 0 und d | ||
| 020 | _a9780833094124 | ||
| 100 | _aGonzales, Daniel;Gulden, Timothy R.;Strong, Aaron;Hoyle, William | ||
| 245 |
_cGonzales, Daniel;Gulden, Timothy R.;Strong, Aaron;Hoyle, William _aCost–Benefit Analysis of Proposed California Oil and Gas Refinery Regulations |
||
| 260 |
_bRAND Corporation _c2016 |
||
| 650 | _aBusiness | ||
| 856 | _uhttp://jstor.org/stable/10.7249/j.ctt1btc0st | ||
| 999 |
_c351897 _d351897 |
||